| 000 | 01010nam a2200289 a 4500 | ||
|---|---|---|---|
| 001 | |||
| 003 | DO-SdBNP | ||
| 005 | 20211019100621.0 | ||
| 008 | 110131s1973 dr 001 0 spa d | ||
| 040 |
_aDO-SdBNP _bspa _cBPMSU |
||
| 082 |
_a972.9302 _bU92p 1973 _222 |
||
| 100 | 1 |
_aUtrea Cipriano de _d1886-1958 _efray, |
|
| 245 | 1 | 0 |
_aPolémica de Enriquillo / _cCipriano de Utrera ; prefacio de E. Rodríguez Demorizi. |
| 260 |
_aSanto Domingo : _bEditora del Caribe, _c1973. |
||
| 300 |
_a498 p. ; _c24 cm. |
||
| 490 | 0 |
_aAcademia Dominicana de la Historia _v34 |
|
| 500 | _aIncluye índice | ||
| 590 | _aInventariado, 2021/VM | ||
| 600 | 1 | 4 |
_aEnriquillo (Cacique ) _d1503-1535 |
| 650 | 4 |
_aTrato a los indígenas _zRepública Dominicana |
|
| 650 | 4 | _aIndígenas de República Dominicana | |
| 651 | 4 |
_aRepública Dominicana _xHistoria _yColonia, 1503-1795 |
|
| 700 | 1 |
_aRodríguez Demorizi, Emilio, _d1908-1986 |
|
| 710 | 2 | _aAcademia Dominica de la Historia | |
| 910 | _aVMateo V. | ||
| 942 |
_2ddc _cBK |
||
| 999 |
_c13804 _d13804 |
||